MARC details
| 000 -LEADER |
| fixed length control field |
02658cam a2200433 i 4500 |
| 001 - CONTROL NUMBER |
| control field |
12633793 |
| 003 - CONTROL NUMBER IDENTIFIER |
| control field |
EG-ScBUE |
| 005 - DATE AND TIME OF LATEST TRANSACTION |
| control field |
20240522092810.0 |
| 008 - FIXED-LENGTH DATA ELEMENTS--GENERAL INFORMATION |
| fixed length control field |
020103s2002 enk f b 001 0 eng d |
| 020 ## - INTERNATIONAL STANDARD BOOK NUMBER |
| International Standard Book Number |
1860644023 |
| 020 ## - INTERNATIONAL STANDARD BOOK NUMBER |
| International Standard Book Number |
9781860644023 |
| 040 ## - CATALOGING SOURCE |
| Original cataloging agency |
DLC |
| Language of cataloging |
eng |
| Description conventions |
rda |
| Transcribing agency |
DLC |
| Modifying agency |
DLC |
| -- |
EG-ScBUE |
| 043 ## - GEOGRAPHIC AREA CODE |
| Geographic area code |
aw----- |
| -- |
e-uk--- |
| -- |
n-us--- |
| 082 04 - DEWEY DECIMAL CLASSIFICATION NUMBER |
| Classification number |
956.04 |
| Edition number |
22 |
| Item number |
REV |
| 245 02 - TITLE STATEMENT |
| Title |
A revolutionary year : |
| Remainder of title |
the Middle East in 1958 / |
| Statement of responsibility, etc |
edited by Wm. Roger Louis and Roger Owen. |
| 246 30 - VARYING FORM OF TITLE |
| Title proper/short title |
Middle East in 1958 |
| 264 #1 - PUBLICATION, DISTRIBUTION, ETC. (IMPRINT) |
| Place of publication, distribution, etc |
London ; |
| -- |
New York ; |
| -- |
Washington, DC : |
| Name of publisher, distributor, etc |
I. B. Tauris Publishers : |
| -- |
Woodrow Wilson Center Press, |
| Date of publication, distribution, etc |
2002. |
| 300 ## - PHYSICAL DESCRIPTION |
| Extent |
xvii, 340 pages ; |
| Dimensions |
24 cm |
| 336 ## - CONTENT TYPE |
| Source |
rdacontent |
| Content type term |
text |
| Content type code |
txt |
| 337 ## - MEDIA TYPE |
| Media type term |
unmediated |
| Source |
rdamedia |
| Media type code |
n |
| 338 ## - CARRIER TYPE |
| Carrier type term |
volume |
| Carrier type code |
nc |
| Source |
rdacarrier |
| 504 ## - BIBLIOGRAPHY, ETC. NOTE |
| Bibliography, etc |
Includes bibliographical references and index. |
| 505 0# - FORMATTED CONTENTS NOTE |
| Formatted contents note |
1. Britain and the crisis of 1958 / by Wm. Roger Louis -- 2. The emergence of the United States as a Middle Eastern power, 1956-1958 / by Diane B. Kunz -- 3. Oil, politics, and US intervention / by Irene L. Gendzier -- 4. The United Nations confronts the United States in 1958 / by Michael Graham Fry -- 5. Perceptions and reality : the Arab world and the west / by Rashid Khalidi -- 6. The Pan-Arab movement and the influence of Cairo and Moscow / by Peter Sluglett -- 7. The Soviet Union and the Middle East, 1956-1958 / by Carol R. Saivetz -- 8. The junior partner : Israel's role in the 1958 crisis / by Ilan Pappâe -- 9. The dog that neither barked nor bit : the fear of oil shortages / by Roger Owen -- 10. Conclusion / by Roger Owen. |
| 650 #7 - SUBJECT ADDED ENTRY--TOPICAL TERM |
| Topical term or geographic name as entry element |
Arab nationalism |
| Geographic subdivision |
Middle East. |
| Source of heading or term |
BUEsh |
| 651 #7 - SUBJECT ADDED ENTRY--GEOGRAPHIC NAME |
| Geographic name |
Middle East |
| General subdivision |
Foreign relations |
| Geographic subdivision |
United States. |
| Source of heading or term |
BUEsh |
| 651 #7 - SUBJECT ADDED ENTRY--GEOGRAPHIC NAME |
| Geographic name |
United States |
| General subdivision |
Foreign relations |
| Geographic subdivision |
Middle East. |
| Source of heading or term |
BUEsh |
| 651 #7 - SUBJECT ADDED ENTRY--GEOGRAPHIC NAME |
| Geographic name |
Middle East |
| General subdivision |
Foreign relations |
| Geographic subdivision |
Great Britain. |
| Source of heading or term |
BUEsh |
| 651 #7 - SUBJECT ADDED ENTRY--GEOGRAPHIC NAME |
| Geographic name |
Great Britain |
| General subdivision |
Foreign relations |
| Geographic subdivision |
Middle East. |
| Source of heading or term |
BUEsh |
| 651 #7 - SUBJECT ADDED ENTRY--GEOGRAPHIC NAME |
| Geographic name |
United States |
| General subdivision |
Foreign relations |
| Chronological subdivision |
1953-1961. |
| Source of heading or term |
BUEsh |
| 651 #7 - SUBJECT ADDED ENTRY--GEOGRAPHIC NAME |
| Geographic name |
Great Britain |
| General subdivision |
Foreign relations |
| Chronological subdivision |
1945-1964. |
| Source of heading or term |
BUEsh |
| 655 ## - INDEX TERM--GENRE/FORM |
| Form subdivision |
Reading book |
| 700 1# - ADDED ENTRY--PERSONAL NAME |
| Personal name |
Louis, William Roger, |
| Dates associated with a name |
1936- |
| Relator term |
editor. |
| 700 1# - ADDED ENTRY--PERSONAL NAME |
| Personal name |
Owen, Roger, |
| Dates associated with a name |
1935- |
| Relator term |
editor. |
| 856 42 - ELECTRONIC LOCATION AND ACCESS |
| Materials specified |
Contributor biographical information |
| Uniform Resource Identifier |
<a href="http://www.loc.gov/catdir/bios/hol058/2002000023.html">http://www.loc.gov/catdir/bios/hol058/2002000023.html</a> |
| 856 42 - ELECTRONIC LOCATION AND ACCESS |
| Materials specified |
Publisher description |
| Uniform Resource Identifier |
<a href="http://www.loc.gov/catdir/description/hol052/2002000023.html">http://www.loc.gov/catdir/description/hol052/2002000023.html</a> |
| 856 41 - ELECTRONIC LOCATION AND ACCESS |
| Materials specified |
Table of contents |
| Uniform Resource Identifier |
<a href="http://www.loc.gov/catdir/toc/hol051/2002000023.html">http://www.loc.gov/catdir/toc/hol051/2002000023.html</a> |
| 942 ## - ADDED ENTRY ELEMENTS (KOHA) |
| Source of classification or shelving scheme |
Dewey Decimal Classification |
| Koha item type |
Book - Borrowing |